00490pam a2200193 a 4500001000800000005001700008008004100025010001700066020001500083040002300098041000800121060001700129080001100146082001900157100000600176101000800182245006700190504003900257434433920180127054058.0890627s1989 nyua b 001 0 eng c a 89017273  a0443085951 aDNLM/DLCcDLCdDLC aeng aWO 218 R323c a617.9600a617.96 REE2201 a5 aSHK10aClinical cases in anesthesia /cAllan P. Reed, Joel A. Kaplan. aIncludes bibliographies and index.